[Event "Reykjavik Open 2018"]
[Site "Reykjavik ISL"]
[Date "2018.03.06"]
[Round "1.25"]
[White "Hamitevici, Vladimir"]
[Black "Finsterwalder, Sebastian"]
[Result "1-0"]
[WhiteTitle "GM"]
[WhiteElo "2512"]
[BlackElo "2187"]
[WhiteFideId "13902393"]
[BlackFideId "24632090"]
[EventDate "2018.03.06"]

1. Nf3 d5 2. c4 c6 3. e3 Nf6 4. b3 Bg4 5. Bb2 e6 6. h3 Bh5 7. g4 Bg6 8. Ne5 Nbd7
9. Nxg6 hxg6 10. Bg2 g5 11. Qe2 Bd6 12. Nc3 Qe7 13. O-O-O Ba3 14. d4 dxc4 15.
Qxc4 Nb6 16. Qe2 Nfd5 17. Nb1 Bd6 18. Nd2 a5 19. a4 Ba3 20. Bxd5 Nxd5 21. Nb1
Bb4 22. Kc2 Rc8 23. e4 Nf4 24. Qf3 Rh4 25. Bc1 c5 26. d5 c4 27. Bxf4 gxf4 28.
bxc4 Rxc4+ 29. Kb3 exd5 30. exd5 Re4 31. Rc1 Be1 32. Qxe4 1-0

[Event "Reykjavik Open 2018"]
[Site "Reykjavik ISL"]
[Date "2018.03.06"]
[Round "1.26"]
[White "Pein, Jonathan"]
[Black "Kveinys, Aloyzas"]
[Result "0-1"]
[BlackTitle "GM"]
[WhiteElo "2184"]
[BlackElo "2511"]
[WhiteFideId "417092"]
[BlackFideId "12800040"]
[EventDate "2018.03.06"]

1. e4 c5 2. Nf3 e6 3. d4 cxd4 4. Nxd4 a6 5. c4 Nf6 6. Nc3 Qc7 7. a3 b6 8. Be3
Bb7 9. f3 d6 10. Be2 Nbd7 11. O-O Be7 12. Qd2 O-O 13. Rfc1 Rac8 14. a4 Qb8 15.
a5 bxa5 16. Rxa5 Rfe8 17. Bf1 Bd8 18. Raa1 Bc7 19. Kh1 d5 20. cxd5 exd5 21. Nxd5
Nxd5 22. exd5 Bxh2 23. Rxc8 Bxc8 24. f4 Nf6 25. Nf3 Ne4 26. Qc1 Bg3 27. Bxa6 Bg4
28. Qc6 Nf6 29. Ne5 Qxb2 30. Rc1 Bf5 31. Qb5 Qa3 32. Nc4 Qa2 33. Nd6 Bh3 34. Rg1
Rxe3 35. Qb8+ Ne8 36. Bf1 Bxf4 0-1

[Event "Reykjavik Open 2018"]
[Site "Reykjavik ISL"]
[Date "2018.03.06"]
[Round "1.27"]
[White "Praggnanandhaa, R"]
[Black "Janzelj, Lara"]
[Result "1-0"]
[WhiteTitle "IM"]
[BlackTitle "WFM"]
[WhiteElo "2507"]
[BlackElo "2180"]
[WhiteFideId "25059530"]
[BlackFideId "14608391"]
[EventDate "2018.03.06"]

1. b3 e5 2. Bb2 Nc6 3. e3 Nf6 4. Bb5 Bd6 5. Na3 Na5 6. Nf3 a6 7. Be2 Qe7 8. Nb1
Nc6 9. d3 O-O 10. O-O e4 11. dxe4 Nxe4 12. c4 b6 13. Nfd2 Be5 14. Qc1 Bxb2 15.
Qxb2 f5 16. Nxe4 fxe4 17. Nc3 Qe5 18. Qd2 Bb7 19. Qd5+ Rf7 20. Nxe4 Qxd5 21.
cxd5 Ne7 22. Ng5 Rf5 23. f4 h6 24. e4 Rff8 25. Nh3 Rae8 26. Bg4 Nc8 27. e5 Bxd5
28. Bxd7 Re7 29. Bg4 b5 30. Rac1 Nb6 31. Rc5 g5 32. fxg5 Rxf1+ 33. Kxf1 Rxe5 34.
Rxc7 hxg5 35. Ra7 Be4 36. Rxa6 Nd5 37. Kf2 Kf7 38. Re6 Rxe6 39. Nxg5+ Kf6 40.
Nxe6 Nc3 41. Nc5 Bc2 42. a4 Ke7 43. Ke3 1-0

[Event "Reykjavik Open 2018"]
[Site "Reykjavik ISL"]
[Date "2018.03.06"]
[Round "1.28"]
[White "Vidic, Teja"]
[Black "Fernandez, Daniel Howard"]
[Result "0-1"]
[WhiteTitle "WFM"]
[BlackTitle "GM"]
[WhiteElo "2180"]
[BlackElo "2505"]
[WhiteFideId "14605511"]
[BlackFideId "5801605"]
[EventDate "2018.03.06"]

1. e4 c5 2. Nf3 d6 3. Bb5+ Bd7 4. Bxd7+ Nxd7 5. d4 cxd4 6. Qxd4 Ngf6 7. c4 Qb6
8. Nc3 Qxd4 9. Nxd4 a6 10. b3 g6 11. f3 Rc8 12. Bb2 Bh6 13. Nd5 Nxd5 14. exd5
O-O 15. O-O Rfe8 16. Rfe1 Bg7 17. Re2 e5 18. dxe6 fxe6 19. Rd1 Nc5 20. Ba3 Kf7
21. f4 e5 22. Nf3 exf4 23. Rxe8 Kxe8 24. Rxd6 b5 25. b4 Nd7 26. c5 a5 27. bxa5
Bf8 28. Re6+ Kd8 29. Re4 Ra8 30. Bb4 Bxc5+ 31. Bxc5 Nxc5 32. Re5 Nb7 33. Rxb5
Nxa5 34. Ng5 Ke7 35. Nxh7 Nc6 36. Rc5 Nd4 37. Rc4 Ne6 38. h4 Kd6 39. Nf6 Rxa2
40. Rb4 Kc5 41. Re4 Nd4 42. Kf1 Ra1+ 43. Kf2 Ra2+ 44. Kf1 Nf5 45. Rxf4 Kd6 46.
Ng4 Nxh4 47. Ne3 g5 48. Rf2 Ra1+ 49. Ke2 Ke5 50. g3 Ng6 51. Kf3 Ra3 52. Re2 Kf6
53. Ke4 Ra4+ 54. Kf3 Ne5+ 55. Kg2 Kg6 56. g4 Re4 57. Kf2 Rf4+ 58. Kg3 Re4 59.
Kf2 Ra4 60. Kg3 Kf7 61. Rb2 Ra3 62. Rb7+ Ke6 63. Kf2 Nd3+ 64. Ke2 Nf4+ 65. Kf2
Nh3+ 66. Ke2 Ra2+ 67. Kf3 Ng1+ 68. Ke4 Ra4+ 69. Kd3 Nh3 70. Rb5 Nf4+ 71. Kd2
Ra2+ 72. Kc3 Ra3+ 73. Rb3 Nd5+ 74. Nxd5 Rxb3+ 75. Kxb3 Kxd5 76. Kc3 Ke4 77. Kd2
Kf3 78. Ke1 Kxg4 79. Kf1 Kg3 80. Kg1 g4 81. Kf1 Kh2 0-1

[Event "Reykjavik Open 2018"]
[Site "Reykjavik ISL"]
[Date "2018.03.06"]
[Round "1.29"]
[White "Christiansen, Johan-Sebastian"]
[Black "Cramling Bellon, Anna"]
[Result "1-0"]
[WhiteTitle "IM"]
[WhiteElo "2486"]
[BlackElo "2175"]
[WhiteFideId "1512668"]
[BlackFideId "32009232"]
[EventDate "2018.03.06"]

1. e4 c5 2. Nf3 d6 3. Nc3 Nc6 4. d4 cxd4 5. Nxd4 Nf6 6. Bg5 e6 7. Qd2 a6 8.
O-O-O Qc7 9. f4 h6 10. Bh4 Bd7 11. Be2 b5 12. a3 b4 13. axb4 Nxb4 14. Bf3 Rc8
15. Rhe1 e5 16. Nf5 Be6 17. Bxf6 gxf6 18. Bh5 d5 1-0

[Event "Reykjavik Open 2018"]
[Site "Reykjavik ISL"]
[Date "2018.03.06"]
[Round "1.30"]
[White "Loftsson, Hrafn"]
[Black "Bartholomew, John"]
[Result "0-1"]
[BlackTitle "IM"]
[WhiteElo "2169"]
[BlackElo "2477"]
[WhiteFideId "2300729"]
[BlackFideId "2019353"]
[EventDate "2018.03.06"]

1. d4 g6 2. c4 Bg7 3. Nf3 c5 4. d5 f5 5. g3 d6 6. Bg2 Nf6 7. Nc3 O-O 8. O-O Nbd7
9. Rb1 a6 10. a3 Ng4 11. Ng5 Nde5 12. h3 Nf6 13. b3 Nh5 14. Ne6 Bxe6 15. dxe6
Rb8 16. Nd5 b5 17. Bg5 Re8 18. cxb5 Rxb5 19. e4 fxe4 20. Bxe4 Rb8 21. g4 Nf6 22.
Bg2 Nxd5 23. Qxd5 Rb6 24. f4 Nc6 25. f5 gxf5 26. Rxf5 Kh8 27. Rbf1 Nd4 28. Rf7
Ne2+ 29. Kf2 Nc3 30. Qf5 Rxb3 31. Rxg7 Kxg7 32. Qf7+ Kh8 33. Kg1 Ne2+ 34. Kh2 d5
35. Rf5 Qd6+ 36. Bf4 Nxf4 37. Rxf4 Rxa3 38. Kg1 Ra1+ 39. Bf1 Qe5 0-1

[Event "Reykjavik Open 2018"]
[Site "Reykjavik ISL"]
[Date "2018.03.06"]
[Round "1.31"]
[White "Cornette, Deimante"]
[Black "Fridjonsson, Julius"]
[Result "1-0"]
[WhiteTitle "IM"]
[WhiteElo "2447"]
[BlackElo "2167"]
[WhiteFideId "12802859"]
[BlackFideId "2300842"]
[EventDate "2018.03.06"]

1. e4 c5 2. Nc3 Nc6 3. Bb5 g6 4. Bxc6 bxc6 5. d3 Bg7 6. f4 d6 7. h3 Rb8 8. Nf3
Nf6 9. O-O O-O 10. Qe1 Ne8 11. b3 Nc7 12. Bb2 Nb5 13. Na4 Nd4 14. Qf2 Nxf3+ 15.
Qxf3 Bd7 16. Bxg7 Kxg7 17. Qg3 f6 18. e5 fxe5 19. fxe5 Rxf1+ 20. Rxf1 Be6 21.
exd6 exd6 22. Nxc5 Bd5 23. Ne4 Bxe4 24. dxe4 Qb6+ 25. Kh1 Qd4 26. Qf4 h5 27. c3
Qxc3 28. Qxd6 Rb7 29. e5 1-0

[Event "Reykjavik Open 2018"]
[Site "Reykjavik ISL"]
[Date "2018.03.06"]
[Round "1.32"]
[White "Jacobsen, Mikkel Manosri"]
[Black "Kjartansson, Gudmundur"]
[Result "0-1"]
[WhiteTitle "FM"]
[BlackTitle "IM"]
[WhiteElo "2161"]
[BlackElo "2432"]
[WhiteFideId "1444514"]
[BlackFideId "2301318"]
[EventDate "2018.03.06"]

1. c4 b6 2. d4 Nf6 3. Nf3 Bb7 4. g3 Bxf3 5. exf3 e6 6. Nc3 Be7 7. Qc2 O-O 8. Be3
c6 9. Bd3 d5 10. cxd5 cxd5 11. Rd1 a6 12. g4 g6 13. h4 Nc6 14. a3 e5 15. g5 exd4
16. gxf6 Bxf6 17. Ne2 dxe3 18. Qxc6 Bxh4 19. Kf1 Rc8 20. Qa4 Bxf2 21. Qf4 Qe7
22. Qh6 f5 23. Nf4 Rfe8 24. Nxg6 e2+ 25. Kxf2 exd1=N+ 26. Rxd1 Qc5+ 27. Kf1 Rc6
28. Bxf5 hxg6 29. b4 Qe3 0-1

[Event "Reykjavik Open 2018"]
[Site "Reykjavik ISL"]
[Date "2018.03.06"]
[Round "1.33"]
[White "Sundararajan, Kidambi"]
[Black "Adocchio, Giampiero"]
[Result "1-0"]
[WhiteTitle "GM"]
[WhiteElo "2427"]
[BlackElo "2157"]
[WhiteFideId "5005370"]
[BlackFideId "4666011"]
[EventDate "2018.03.06"]

1. d4 Nf6 2. c4 e6 3. Nc3 Bb4 4. e3 O-O 5. Bd2 d5 6. Nf3 Nbd7 7. Rc1 c6 8. Bd3
Re8 9. O-O e5 10. dxe5 Nxe5 11. Nxe5 Rxe5 12. a3 Bd6 13. cxd5 Nxd5 14. e4 Qh4
15. g3 Qh3 16. Be2 Nf6 17. Be3 Ng4 18. Bxg4 Bxg4 19. f3 Rh5 20. Rc2 Bxg3 21.
hxg3 Qh1+ 22. Kf2 Qh2+ 23. Ke1 Qxg3+ 24. Rcf2 Be6 25. Ne2 Qc7 26. Qc2 Qa5+ 27.
Qc3 Qxc3+ 28. Nxc3 Bc4 29. Rg1 Rd8 30. Bxa7 c5 31. Rd2 Rxd2 32. Kxd2 Rh2+ 33.
Ke3 Rxb2 34. Bxc5 h5 35. Bd4 g6 36. Rb1 Rxb1 37. Nxb1 Kf8 38. Bf6 Ke8 39. Kd4
Be2 40. f4 Kd7 41. Nc3 Bg4 42. Kd5 Bf3 43. Na4 Kc7 44. Nc5 Be2 1-0

[Event "Reykjavik Open 2018"]
[Site "Reykjavik ISL"]
[Date "2018.03.06"]
[Round "1.34"]
[White "Cumming, Rhys"]
[Black "Loiseau, Quentin"]
[Result "0-1"]
[BlackTitle "IM"]
[WhiteElo "2155"]
[BlackElo "2427"]
[WhiteFideId "470163"]
[BlackFideId "665274"]
[EventDate "2018.03.06"]

1. e4 c5 2. Nf3 Nc6 3. Bb5 Nf6 4. e5 Nd5 5. O-O Nc7 6. a4 g6 7. Re1 Bg7 8. d3
O-O 9. Nbd2 Nd4 10. Nxd4 cxd4 11. Bc4 d6 12. exd6 exd6 13. a5 d5 14. Bb3 Na6 15.
Qf3 Be6 16. Ra3 Rc8 17. Qf4 Nb4 18. Nf3 Rxc2 19. Rd1 Rc8 20. Nxd4 Rxc1 21. Nxe6
Rxd1+ 22. Bxd1 Qe7 23. Nxf8 Qe1# 0-1

[Event "Reykjavik Open 2018"]
[Site "Reykjavik ISL"]
[Date "2018.03.06"]
[Round "1.35"]
[White "Haria, Ravi"]
[Black "Karlsson, Mikael Johann"]
[Result "1-0"]
[WhiteTitle "IM"]
[WhiteElo "2424"]
[BlackElo "2150"]
[WhiteFideId "415820"]
[BlackFideId "2305194"]
[EventDate "2018.03.06"]

1. e4 c5 2. Nf3 Nc6 3. Bb5 g6 4. Bxc6 dxc6 5. d3 Bg7 6. h3 e5 7. Be3 b6 8. a4 a5
9. Nbd2 f6 10. Nc4 Be6 11. Qc1 Qc7 12. O-O Rd8 13. Nfd2 Nh6 14. b4 axb4 15. a5
b5 16. Nb6 Nf7 17. Bxc5 Bf8 18. Nb3 Bxc5 19. Nxc5 Ke7 20. Qe3 Rd4 21. f4 Bc8 22.
Nb3 Rdd8 23. Qc5+ Qd6 24. fxe5 Nxe5 25. a6 Nd7 26. Nxd7 Rxd7 27. Qf2 Bb7 28. Nc5 1-0

[Event "Reykjavik Open 2018"]
[Site "Reykjavik ISL"]
[Date "2018.03.06"]
[Round "1.36"]
[White "Ingebretsen, Jens E"]
[Black "Thorhallsson, Throstur"]
[Result "0-1"]
[BlackTitle "GM"]
[WhiteElo "2132"]
[BlackElo "2419"]
[WhiteFideId "1522965"]
[BlackFideId "2300109"]
[EventDate "2018.03.06"]

1. e4 c5 2. Nf3 d6 3. d4 Nf6 4. Nc3 cxd4 5. Qxd4 a6 6. Nd5 Nc6 7. Nxf6+ gxf6 8.
Qe3 Rg8 9. Bd2 f5 10. Bc4 Rg4 11. O-O fxe4 12. h3 Rg7 13. Qxe4 e6 14. Rfe1 Be7
15. Bc3 Rg6 16. Qe3 e5 17. h4 Bxh4 18. Rad1 Qe7 19. Bd5 Bd7 20. Qb6 Qd8 21. Qxb7
Rb8 22. Qxa6 Nb4 23. Bxf7+ Kxf7 24. Qc4+ Be6 25. Qxh4 Qxh4 26. Nxh4 Rg4 27. Nf3
Nxc2 28. Re2 Nd4 29. Nxd4 exd4 30. Bxd4 Bxa2 31. f3 Bb3 32. Rdd2 Rg6 33. Re3 Re6
34. Rc3 Rb7 35. Kf2 d5 36. Bc5 Bc4 37. b4 Ra6 38. Re3 Ra2 39. Rxa2 Bxa2 40. Re5
Rb8 41. Re7+ Kg6 42. f4 Bb1 43. g4 h5 44. g5 h4 45. Kf3 Kh5 46. Bd6 Rb6 47. Re6
Be4+ 48. Kf2 Bg6 49. Rf6 d4 50. Kf3 d3 51. f5 d2 52. Ke2 Bxf5 53. Rh6+ Kg4 54.
Bc5 Rxh6 55. gxh6 h3 56. Bd6 Kg5 57. Kxd2 Kxh6 58. b5 Bd7 59. b6 Bc6 60. Ke3 0-1

[Event "Reykjavik Open 2018"]
[Site "Reykjavik ISL"]
[Date "2018.03.06"]
[Round "1.37"]
[White "Antal, Tibor Kende"]
[Black "Baldursson, Hrannar"]
[Result "1-0"]
[WhiteTitle "FM"]
[WhiteElo "2419"]
[BlackElo "2130"]
[WhiteFideId "738581"]
[BlackFideId "2301156"]
[EventDate "2018.03.06"]

1. e4 d6 2. d4 Nf6 3. Nc3 c6 4. f4 Qa5 5. e5 Ne4 6. Qf3 Nxc3 7. Bd2 Qd5 8. bxc3
Qxf3 9. Nxf3 Bf5 10. Bd3 g6 11. Bxf5 gxf5 12. c4 e6 13. Rb1 b6 14. d5 cxd5 15.
cxd5 Nd7 16. Kd1 Nc5 17. Re1 h6 18. Bb4 Ne4 19. dxe6 Rd8 20. exd6 fxe6 21. Rb3
Bxd6 22. Bxd6 Rxd6+ 23. Kc1 Ke7 24. Ne5 Rc8 25. c4 Nd2 26. Ra3 a5 27. Re2 Nxc4
28. Rc3 Rc5 29. Rxc4 Rxc4+ 30. Nxc4 Rd4 31. Nxb6 1-0

[Event "Reykjavik Open 2018"]
[Site "Reykjavik ISL"]
[Date "2018.03.06"]
[Round "1.38"]
[White "Halldorsson, Bragi"]
[Black "Bick, Gabriel"]
[Result "0-1"]
[WhiteElo "2126"]
[BlackElo "2416"]
[WhiteFideId "2300907"]
[BlackFideId "2084058"]
[EventDate "2018.03.06"]

1. d4 Nf6 2. c4 g6 3. Nc3 Bg7 4. e4 d6 5. Be2 O-O 6. Nf3 e5 7. O-O Nc6 8. d5 Ne7
9. Ne1 Nd7 10. f3 f5 11. g4 Kh8 12. Kh1 c6 13. Nd3 Nf6 14. Bd2 Ne8 15. Rc1 Nc7
16. Rg1 b5 17. dxc6 Nxc6 18. Nxb5 fxe4 19. fxe4 Nxb5 20. cxb5 Nd4 21. Nb4 Rf2
22. Rg2 Rxe2 23. Rxe2 Bxg4 24. Nc6 Nxe2 25. Nxd8 0-1

[Event "Reykjavik Open 2018"]
[Site "Reykjavik ISL"]
[Date "2018.03.06"]
[Round "1.39"]
[White "Norowitz, Yaacov"]
[Black "Ingvason, Johann"]
[Result "1-0"]
[WhiteTitle "IM"]
[WhiteElo "2412"]
[BlackElo "2126"]
[WhiteFideId "2024799"]
[BlackFideId "2301431"]
[EventDate "2018.03.06"]

1. d4 Nf6 2. Nf3 d6 3. b3 g6 4. Bb2 Bg7 5. e3 O-O 6. Be2 c5 7. O-O b6 8. c4 a5
9. Nc3 Bd7 10. Ne1 e5 11. dxe5 dxe5 12. Qc2 Bf5 13. Bd3 Bg4 14. h3 Bd7 15. Rd1
Qe8 16. Nf3 Bc6 17. e4 Na6 18. a3 Nh5 19. Nd5 Bxd5 20. cxd5 Nf4 21. Rfe1 Nxd3
22. Qxd3 a4 23. bxa4 Qxa4 24. Bxe5 c4 25. Qd4 f6 26. Bd6 Nc5 27. Bxf8 Kxf8 28.
d6 Nd7 29. Qd5 h5 30. Nd4 Ra5 31. Ne6+ Kg8 32. Nc5+ 1-0

[Event "Reykjavik Open 2018"]
[Site "Reykjavik ISL"]
[Date "2018.03.06"]
[Round "1.40"]
[White "Kristjansson, Atli Freyr"]
[Black "Kvetny, Mark"]
[Result "1/2-1/2"]
[BlackTitle "IM"]
[WhiteElo "2123"]
[BlackElo "2408"]
[WhiteFideId "2302268"]
[BlackFideId "24603929"]
[EventDate "2018.03.06"]

1. c4 c5 2. Nc3 g6 3. g3 Bg7 4. Bg2 Nc6 5. d3 a6 6. e4 b5 7. Nge2 Rb8 8. O-O Nf6
9. Rb1 d6 10. h3 O-O 11. b3 Bd7 12. f4 Ne8 13. Kh2 Nc7 14. Qd2 Ne6 15. Bb2 Qa5
16. Ba1 Ned4 17. Rfd1 e6 18. Nxd4 Nxd4 19. Ne2 Qxd2 20. Rxd2 Nxe2 21. Rxe2 Bxa1
22. Rxa1 Rb6 23. e5 Rc8 24. Rd1 Kf8 25. d4 bxc4 26. bxc4 Ba4 27. Rdd2 cxd4 28.
Rxd4 dxe5 29. c5 exd4 30. cxb6 d3 31. Rd2 Bc2 32. Kg1 Rb8 33. b7 Ke7 34. Kf2 Kd6
35. Ke3 Kc5 36. g4 a5 37. f5 exf5 38. Rf2 Kb4 39. Kd2 Bb1 40. gxf5 gxf5 41. Rf4+
Kc5 42. Rxf5+ Kb6 43. Rf6+ Ka7 44. a3 Ba2 45. Kxd3 Rd8+ 46. Kc3 Bd5 47. Bxd5
Rxd5 48. Rxf7 Rh5 49. Kc4 Rxh3 1/2-1/2

[Event "Reykjavik Open 2018"]
[Site "Reykjavik ISL"]
[Date "2018.03.06"]
[Round "1.41"]
[White "Pigott, John C"]
[Black "Bucher, Grant W"]
[Result "1-0"]
[WhiteTitle "IM"]
[WhiteElo "2403"]
[BlackElo "2121"]
[WhiteFideId "400459"]
[BlackFideId "413810"]
[EventDate "2018.03.06"]

1. c4 Nf6 2. g3 g6 3. Bg2 d5 4. cxd5 Nxd5 5. Nc3 Nb6 6. Nf3 Bg7 7. d4 O-O 8. O-O
Nc6 9. e3 e5 10. d5 Ne7 11. e4 Bg4 12. h3 Bxf3 13. Qxf3 Nc4 14. Qd3 Nd6 15. Be3
f5 16. Rac1 fxe4 17. Nxe4 Nxe4 18. Bxe4 Nc8 19. h4 Nd6 20. Bg2 Qd7 21. Rc2 Nf5
22. Rfc1 c6 23. Qb3 Qf7 24. Bc5 Nd4 25. Bxd4 exd4 26. f4 Rfd8 27. Qb4 Rab8 28.
dxc6 bxc6 29. Qa5 d3 30. Rxc6 Bxb2 31. Rd1 Rd7 32. Bh3 Bd4+ 33. Kh1 Re7 34. Qd2
Bg7 35. Qxd3 Qxa2 36. Qd6 Rbe8 37. Rc8 Rxc8 38. Qxe7 Qc2 39. Be6+ Kh8 40. Rd8+ 1-0

[Event "Reykjavik Open 2018"]
[Site "Reykjavik ISL"]
[Date "2018.03.06"]
[Round "1.42"]
[White "Kvamme, John A"]
[Black "Thavandiran, Shiyam"]
[Result "0-1"]
[BlackTitle "IM"]
[WhiteElo "2108"]
[BlackElo "2399"]
[WhiteFideId "1500562"]
[BlackFideId "2605058"]
[EventDate "2018.03.06"]

1. Nf3 Nf6 2. b3 c5 3. Bb2 e6 4. g3 b6 5. Bg2 Bb7 6. O-O d6 7. d3 Be7 8. e4 Nbd7
9. Nbd2 Qc7 10. a4 a6 11. Re1 O-O 12. e5 dxe5 13. Nxe5 Bxg2 14. Kxg2 Nxe5 15.
Bxe5 Qc6+ 16. Qf3 Qxf3+ 17. Kxf3 Nd5 18. Nc4 b5 19. Ne3 Nb4 20. Bc3 Nc6 21. axb5
axb5 22. Rxa8 Rxa8 23. Ra1 Rxa1 24. Bxa1 f5 25. g4 g6 26. h3 Kf7 27. gxf5 gxf5
28. Ke2 Kg6 29. c4 b4 30. Kd1 Bf6 31. Bxf6 Kxf6 32. Nc2 Ke5 33. Kd2 Kf4 34. Ke2
e5 35. Kf1 Na5 36. Na1 Kf3 37. Ke1 Kg2 38. h4 f4 39. h5 h6 40. Ke2 Nc6 41. Nc2
Nd4+ 42. Nxd4 exd4 0-1

[Event "Reykjavik Open 2018"]
[Site "Reykjavik ISL"]
[Date "2018.03.06"]
[Round "1.43"]
[White "Thorfinnsson, Bjorn"]
[Black "Coleman, David J"]
[Result "1-0"]
[WhiteTitle "IM"]
[BlackTitle "CM"]
[WhiteElo "2399"]
[BlackElo "2107"]
[WhiteFideId "2300982"]
[BlackFideId "402087"]
[EventDate "2018.03.06"]

1. d4 Nf6 2. c4 g6 3. Nc3 Bg7 4. e4 d6 5. Nf3 O-O 6. h3 e5 7. dxe5 dxe5 8. Qxd8
Rxd8 9. Bg5 Nbd7 10. O-O-O Rf8 11. Bd3 c6 12. Bc2 Re8 13. Rd2 h6 14. Be3 Bf8 15.
a3 a6 16. Rhd1 b5 17. Ne1 h5 18. f3 Nc5 19. b4 Ne6 20. c5 a5 21. Bb3 Bg7 22. Rd6
axb4 23. axb4 Ra1+ 24. Kb2 Ra6 25. Nd3 Nf8 26. Ra1 Rxa1 27. Kxa1 Be6 28. Kb2 Rc8
29. Nc1 Ne8 30. Rd2 Bxb3 31. Nxb3 Ne6 32. Na5 Bf6 33. Rd7 Bd8 34. Nb7 Rc7 35.
Rxd8 Nxd8 36. Nxd8 Kf8 37. Nxc6 Rxc6 38. Nxb5 Ke7 39. Nc3 Rc8 40. Kb3 Nc7 41. b5
Rd8 42. b6 Na6 43. Kc4 Nb8 44. Bg5+ 1-0

[Event "Reykjavik Open 2018"]
[Site "Reykjavik ISL"]
[Date "2018.03.06"]
[Round "1.44"]
[White "Jonsson, Gauti Pall"]
[Black "Kavutskiy, Konstantin"]
[Result "0-1"]
[BlackTitle "IM"]
[WhiteElo "2104"]
[BlackElo "2383"]
[WhiteFideId "2309092"]
[BlackFideId "2026384"]
[EventDate "2018.03.06"]

1. e4 c5 2. Nc3 e6 3. g3 Nc6 4. Bg2 Nf6 5. Nge2 Be7 6. O-O O-O 7. d3 Rb8 8. f4
d6 9. h3 Nd7 10. g4 b5 11. g5 b4 12. Nb1 e5 13. h4 exf4 14. Nxf4 Nde5 15. Be3
Ng4 16. Qd2 h6 17. Nd5 Nxe3 18. Nxe7+ Qxe7 19. Qxe3 hxg5 20. hxg5 Qe5 21. Nd2
Qxb2 22. Nc4 Qd4 23. Qxd4 Nxd4 24. Nxd6 Nxc2 25. Rac1 Ne3 26. Rf3 Nxg2 27. Kxg2
Be6 28. Rxc5 Bxa2 29. Nf5 g6 30. Ne7+ Kg7 31. Rf2 Bb1 32. Rd5 b3 33. Rb2 Bc2 34.
Nc6 Rb6 35. Ne5 Ra6 36. Rd7 Ra5 37. Re7 a6 38. Kf3 Ra2 0-1

[Event "Reykjavik Open 2018"]
[Site "Reykjavik ISL"]
[Date "2018.03.06"]
[Round "1.45"]
[White "Abrahamyan, Tatev"]
[Black "Buscar, Michael"]
[Result "1-0"]
[WhiteTitle "WGM"]
[WhiteElo "2369"]
[BlackElo "2099"]
[WhiteFideId "13301918"]
[BlackFideId "2603616"]
[EventDate "2018.03.06"]

1. e4 c5 2. Nf3 Nc6 3. d4 cxd4 4. Nxd4 Nf6 5. Nc3 e5 6. Ndb5 d6 7. Bg5 a6 8. Na3
b5 9. Bxf6 gxf6 10. Nd5 f5 11. Bd3 Be6 12. c3 Bg7 13. Nxb5 axb5 14. Bxb5 Rc8 15.
Qa4 Bd7 16. exf5 Ne7 17. Nb6 Qxb6 18. Bxd7+ Kd8 19. Bxc8 Nxc8 20. O-O Bf6 21.
Qc4 Qc7 22. Qd3 Rg8 23. a4 Qc6 24. f3 Qb6+ 25. Rf2 Bg5 26. a5 Qa7 27. Kf1 Be3
28. Re2 Bg1 29. g3 Ke7 30. Kg2 Bb6 31. f6+ Ke6 32. Qc4+ Kxf6 33. axb6 Qxa1 34.
b7 Ne7 35. Qc7 Qa6 36. Rd2 Nf5 37. b8=Q Rxb8 38. Qxb8 Qc6 39. Qb4 Ke6 40. Qe4
Qc5 41. Re2 h5 42. f4 f6 43. Qf3 Qa7 44. Qxh5 Qa8+ 45. Qf3 Qg8 46. Kf1 Qh7 47.
fxe5 fxe5 48. b4 Qh3+ 49. Kg1 Qh6 50. Rf2 Ne7 51. Qg4+ Kd5 52. c4+ Kc6 53. Qe4+
Kb6 54. c5+ Kc7 55. cxd6+ Qxd6 56. Re2 Ng6 57. h4 Qd1+ 58. Kh2 1-0

[Event "Reykjavik Open 2018"]
[Site "Reykjavik ISL"]
[Date "2018.03.06"]
[Round "1.46"]
[White "Petersson, Baldur Teodor"]
[Black "Brunello, Marina"]
[Result "1-0"]
[WhiteTitle "CM"]
[BlackTitle "FM"]
[WhiteElo "2073"]
[BlackElo "2367"]
[WhiteFideId "2309157"]
[BlackFideId "822590"]
[EventDate "2018.03.06"]

1. e4 c5 2. Nf3 d6 3. d3 g6 4. g3 Bg7 5. Bg2 Nc6 6. O-O Qc7 7. c3 Nf6 8. Re1 O-O
9. d4 e5 10. dxc5 dxc5 11. Qc2 h6 12. a4 Be6 13. Na3 c4 14. Be3 a6 15. Rad1 Na5
16. Nd2 Qc6 17. Bf1 Rac8 18. f3 Rfe8 19. h4 Nh5 20. Kh2 f5 21. Bh3 Nxg3 22. Bxh6
Bxh6 23. Kxg3 Bf4+ 24. Kg2 Rf8 25. Nf1 Rc7 26. Ne3 Rg7 27. Nd5 g5 28. Nxf4 gxf4+
29. Kh2 Kh8 30. Rg1 Rh7 31. exf5 Bd5 32. Rg6 Qc5 33. Qe2 Bc6 34. Re1 e4 35. fxe4
Rxh4 36. Rg5 Be8 37. Reg1 b5 38. axb5 axb5 39. R5g4 Rh6 40. Qg2 Bf7 41. Rh4
Qxg1+ 42. Qxg1 Rxh4 43. Qf2 Rh5 44. Nxb5 Rd8 45. Nd4 Rd6 46. Qxf4 Rdh6 47. Qe5+ 1-0

[Event "Reykjavik Open 2018"]
[Site "Reykjavik ISL"]
[Date "2018.03.06"]
[Round "1.47"]
[White "Fenil, Shah"]
[Black "Ebner, Johann"]
[Result "1-0"]
[WhiteTitle "FM"]
[WhiteElo "2346"]
[BlackElo "2070"]
[WhiteFideId "5019850"]
[BlackFideId "1603957"]
[EventDate "2018.03.06"]

1. e4 e6 2. d4 d5 3. Nd2 dxe4 4. Nxe4 Nd7 5. Nf3 Ngf6 6. Nxf6+ Nxf6 7. Bd3 c5 8.
Be3 Qc7 9. Qe2 Bd6 10. O-O-O Bd7 11. dxc5 Bxc5 12. Bxc5 Qxc5 13. Ne5 Ke7 14.
Rhe1 Bc6 15. f4 Bd5 16. Kb1 g6 17. c4 Bc6 18. Bxg6 hxg6 19. Nxg6+ Ke8 20. Nxh8
Be4+ 21. Ka1 Ke7 22. g4 1-0

[Event "Reykjavik Open 2018"]
[Site "Reykjavik ISL"]
[Date "2018.03.06"]
[Round "1.48"]
[White "Lunn, Matthew"]
[Black "Unuk, Laura"]
[Result "0-1"]
[BlackTitle "WIM"]
[WhiteElo "2069"]
[BlackElo "2346"]
[WhiteFideId "405485"]
[BlackFideId "14609215"]
[EventDate "2018.03.06"]

1. d4 Nf6 2. c4 e6 3. Nc3 Bb4 4. Qc2 d6 5. Bg5 Nbd7 6. e3 b6 7. Bd3 Bb7 8. f3 c5
9. Ne2 h6 10. Bh4 cxd4 11. exd4 d5 12. cxd5 Bxd5 13. O-O Be7 14. Rae1 O-O 15. f4
Rc8 16. Ng3 Bc4 17. Bxc4 Rxc4 18. Qd1 Rxd4 19. Qf3 Nc5 20. Bxf6 Bxf6 21. Nh5 Rd3
22. Qg4 Bd4+ 23. Kh1 g6 24. f5 Qg5 25. Qxg5 hxg5 26. fxg6 fxg6 27. Rxf8+ Kxf8
28. Ng3 Bxc3 29. bxc3 Rxc3 30. Kg1 Ke7 31. Nf1 Rc2 32. a3 Nd3 33. Re3 Nf4 34. g3
Rg2+ 35. Kh1 Rf2 36. Re1 Nd3 37. Rd1 Ne5 38. Kg1 Ra2 39. Rc1 Nf3+ 40. Kh1 Rxa3 0-1